|
|
|
|
| LEADER |
00000nab a2200000 a 4500 |
| 001 |
vtls009628305 |
| 003 |
SK-MaSNL |
| 005 |
20260311224603.0 |
| 008 |
250507|2009 xo |||||||||||1|| b|slo |
| 015 |
|
|
|a SNBRA2009/07
|2 snkbucl
|
| 035 |
|
|
|a (uuid)5deb7538-0a1e-4d43-8189-3f27f8b1bed7
|
| 035 |
|
|
|a urn:nbn:sk:snk-ab2on7
|
| 035 |
|
|
|a (urnnbn)urn:nbn:sk:snk:ar-a02pep
|
| 038 |
|
|
|a SNKBUCL
|
| 040 |
|
|
|a SNKBUCL
|b slo
|c SNKBUCL
|e AACR2
|
| 041 |
0 |
|
|a slo
|b eng
|
| 044 |
|
|
|a xo
|c SK
|
| 080 |
|
|
|a 737.1
|x (437)
|2 2001
|
| 080 |
|
|
|a 737.2
|x (437)
|2 2001
|
| 080 |
|
|
|a 32-051
|x (437)
|2 2001
|
| 080 |
|
|
|a 7.04
|2 2001
|
| 100 |
1 |
|
|a Minarovičová, Elena,
|d 1936-
|4 aut
|9 55198
|
| 245 |
1 |
0 |
|a Naši prezidenti na mincích, medailích a plaketách 1918 - 1993 - 2008
|c Elena Minarovičová
|
| 546 |
|
|
|a Res. angl.
|
| 648 |
|
7 |
|a 20.-21. stor.
|2 snkbucl
|9 270701
|
| 650 |
0 |
7 |
|a mince
|2 snkbucl
|9 2305
|
| 650 |
0 |
7 |
|a medaily
|2 snkbucl
|9 3060
|
| 650 |
0 |
7 |
|a plakety
|2 snkbucl
|9 57392
|
| 650 |
0 |
7 |
|a prezidenti
|2 snkbucl
|9 4128
|
| 650 |
0 |
7 |
|a umelecké námety
|2 snkbucl
|9 2885
|
| 650 |
0 |
7 |
|a monografie
|2 snkbucl
|9 256509
|
| 651 |
|
7 |
|a Československo
|2 snkbucl
|9 21376
|
| 651 |
|
7 |
|a Česko
|2 snkbucl
|9 16753
|
| 655 |
|
7 |
|a recenzie
|2 snkbucl
|9 21907
|
| 773 |
0 |
|
|t Múzeum
|g Roč. LV, č. 2 (2009), s. 25
|x 0027-5263
|
| 787 |
0 |
8 |
|i Rec.:
|a Novák, Emil, 1954-
|t Naši prezidenti na mincích, medailích a plaketách
|d Štíty : Veduta ve spolupráci s Českou numismatickou společností, pobočka Nymburk-Poděbrady a Národním muzeem v Praze, 2008
|z 9788086438269
|
| 850 |
|
|
|a Slovenská národná knižnica
|
| 852 |
|
|
|a Slovenská národná knižnica
|
| 954 |
|
|
|a odborná, vedecká literatúra pôvodná (slovenská)
|2 lita
|
| 958 |
|
|
|a article27
|
| 958 |
|
|
|a OND
|
| 958 |
|
|
|a EUIPO
|
| 999 |
|
|
|c 3260469
|d 3262399
|